000 00281 a2200109 4500
001 60747
082 _a621.3192 HAY
100 _aHayt, W H
245 _aEngineering Circuit Analysis, 5th Ed
_cWilliam Hayt
260 _aNY
_bMC Graw Hill
_c1993
500 _aBE textbook Avionics
942 _aNUST-CAE
_k621.3192 HAY
999 _c295820
_d295820